Normal view
MARC view
Entry Nombre personal
001 - NÚMERO DE CONTROL
- campo de control: 86758
003 - IDENTIFICADOR DEL NÚMERO DE CONTROL
- campo de control: DO-SdBNP
005 - FECHA Y HORA DE LA ÚLTIMA TRANSACCIÓN
- campo de control: 20241024102224.0
008 - DATOS DE LONGITUD FIJA
- campo de control de longitud fija: 241024|| aca||aabn || a|a d
040 ## - FUENTE DE LA CATALOGACIÓN
- Centro catalogador/agencia de origen: DO-SdBNP
- Centro/agencia modificador: BNPHU
- Normas de descripción: rda
100 ## - ENCABEZAMIENTO-NOMBRE DE PERSONA
- Nombre de persona: Rosario, Alba Judith de Del
374 ## - OCUPACIÓN
- Ocupación: Autora
375 ## - GÉNERO/SEXO
- Género/Sexo: Femenino
